Sesión inaugural... (Record no. 25609)

MARC details
000 -LEADER
campo de control de longitud fija 00716nam a2200181 i 4500
001 - NÚMERO DE CONTROL
campo de control 25609
003 - IDENTIFICADOR DE NÚMERO DE CONTROL
campo de control ES-MaACL
005 - FECHA Y HORA DE LA ÚLTIMA TRANSACCIÓN
campo de control 20230906153312.0
007 - CAMPO FIJO DE DESCRIPCIÓN FÍSICA--INFORMACIÓN GENERAL
campo de control de longitud fija t|
008 - DATOS DE LONGITUD FIJA--INFORMACIÓN GENERAL
campo de control de longitud fija 021227s1954 sp ||||1| spa d
100 1# - ENTRADA PRINCIPAL--NOMBRE DE PERSONA
Nombre de persona Ariño Cenzano, Julio.
9 (RLIN) 22841
245 10 - MENCIÓN DEL TÍTULO
Título Sesión inaugural...
Resto del título : discurso sobre cómo oimos y por qué no oimos /
Mención de responsabilidad, etc. por Julio Ariño Cenzano ; precedido de la memoria reglamentaria por Eduardo de Gregorio García-Serrano.
260 ## - PUBLICACIÓN, DISTRIBUCIÓN, ETC.
Lugar de publicación, distribución, etc. Zaragoza :
Nombre del editor, distribuidor, etc. Academia de Medicina,
Fecha de publicación, distribución, etc. 1954 (
Fabricante Heraldo de Aragón)
300 ## - DESCRIPCIÓN FÍSICA
Extensión 63 p. ;
Dimensiones 24 cm.
700 1# - ENTRADA AGREGADA--NOMBRE PERSONAL
Nombre de persona Gregorio García-Serrano, Eduardo de.
9 (RLIN) 59905
710 2# - ENTRADA AGREGADA--NOMBRE DE ENTIDAD CORPORATIVA
Nombre de entidad corporativa o nombre de jurisdicción como elemento de entrada Real Academia de Medicina de Zaragoza.
9 (RLIN) 6323
852 ## - LOCALIZACIÓN
Ubicación ES-MaACL
Número de control de estantería 2028-F-9
Sublocalización o colección R.35892
Holdings
Estatus retirado Estado de pérdida Estado de daño No para préstamo Colección Biblioteca de origen Biblioteca actual Ubicación en estantería Fecha de adquisición Fuente de adquisición Total de préstamos Signatura topográfica completa Código de barras Visto por última vez Precio de reemplazo Tipo de ítem Koha
        Colección de folletos Biblioteca del Ateneo de Madrid Biblioteca del Ateneo de Madrid Depósito folletos 17/01/2008     2028-F-9 1026410 23/02/2023 23/02/2023 Folleto